000 00831nam a2200229 i 4500
001 189912
003 SpMaBN
005 20230906223604.0
008 191226s1990 ck |||| | spa d
080 _a860(861.78)-3.09"18/19"
100 1 _aCaicedo de Cajigas, Cecilia.
_9169258
245 1 3 _aLa novela en el Departamento de Nariño /
_cCecilia Caicedo de Cajigas.
260 _aBogotá :
_bInstituto Caro y Cuervo,
_c1990.
300 _a127 p. ;
_c25 cm.
490 1 _aCuadernos del Seminario Andrés Bello ;
_v4
504 _aBibliografía: p. [125]-127.
650 7 _aNovela colombiana-
_xHistoria y crítica.
_9162803
710 2 _aInstituto Caro y Cuervo.
_94806
830 0 _aCuadernos del Seminario Andrés Bello ;
_v4
_9193462
852 _aES-MaACL
_jL-32495
_z. - Donat. Viuda Antonio Tovar
999 _c189912
_d189912